Statistieken voor Vlag-vormen van Landen #4

Klik hier om de quiz te nemen!

Algemene statistieken

  • Deze quiz is 409 keer genomen
  • De gemiddelde score is 14 van 16

Antwoordstatistieken

Antwoord% Correct
Frankrijk
100%
Marokko
98%
Zweden
98%
Albanië
96%
Jamaica
95%
Chili
94%
Indonesië
94%
Roemenië
93%
Singapore
85%
Armenië
82%
Oezbekistan
82%
Tanzania
80%
Palau
76%
Eswatini
73%
Burundi
72%
Salomonseilanden
63%

Scoreverdeling

Percentiel versus Aantal Correcte Antwoorden

Procent van Mensen met Elke Score

Uw Scoregeschiedenis

U heeft deze quiz nog niet genomen